11 All-Time de l'Equipe d'Italie - Statistiques

Statistiques générales
  • Ce quiz a été pris 221 fois
    136 depuis la dernière actualisation
  • Le résultat moyen est 10 sur 16
Statistiques - réponses
Poste Années Réponse % Correct
Gardien 1997-2018 Gianluigi Buffon
100%
Défenseur Gauche 1988-2002 Paolo Maldini
94%
Milieu de terrain 2002-2015 Andrea Pirlo
85%
Défenseur Central 1997-2010 Fabio Cannavaro
76%
Remplaçant (Défenseur Central) 1996-2006 Alessandro Nesta
75%
Second Attaquant 1995-2008 Alessandro Del Piero
74%
Remplaçant (Second Attaquant) 1998-2006 Francesco Totti
71%
Défenseur Central 1980-1994 Franco Baresi
67%
Second Attaquant 1988-2004 Roberto Baggio
67%
Milieu de terrain 2004-2017 Daniele De Rossi
55%
Défenseur Droit 1999-2010 Gianluca Zambrotta
52%
Milieu de terrain 2000-2010 Gennaro Gattuso
51%
Buteur 1977-1986 Paolo Rossi
43%
Remplaçant (Gardien) 1968-1983 Dino Zoff
42%
Remplaçant (Milieu Offensif) 1962-1974 Gianni Rivera
22%
Sélectionneur 2004-2010 Marcello Lippi
18%
Aucun quiz correspondant
Distribution des résultats
% des personnes avec chaque résultat
Percentile par nombre de réponses
Votre historique - résultats
Vous n’avez pas pris ce quiz depuis la dernière actualisation